| 000 | 00731nam a2200229 a 4500 | ||
|---|---|---|---|
| 999 |
_c2918 _d2918 |
||
| 001 | 2918 | ||
| 003 | BD-JhCC | ||
| 005 | 20171108123336.0 | ||
| 008 | 171108s2006 bg |||| |||| 000 0 ben d | ||
| 020 | _a9844125758 | ||
| 035 | _a(BD-JhCC) 2918 | ||
| 040 |
_aBD-JhCC _dBD-JhCC |
||
| 041 | _aben | ||
| 082 |
_a954.9205 _bHAS 2006 |
||
| 100 | _aহাসান, ডা. এম এ | ||
| 245 |
_aপ্রসঙ্গ ১৯৭১ : মানবতার বিরুদ্ধে অপরাধ / _c ডা. এম এ হাসান |
||
| 260 |
_aঢাকা : _bঅনন্যা, _c২০০৬. |
||
| 300 |
_a১১১ পৃ : _c২১ সেমি. |
||
| 650 | _aBangladesh History | ||
| 942 |
_2ddc _cBK |
||